Normal view
MARC view
- ELECTRIC ENGINEERIG-EXAMINATIONS QUESTIONS ELECTRICAINS-LICENESES-UNITED STATES
Entry Topical Term
001 - CONTROL NUMBER
- control field: 66411
003 - CONTROL NUMBER IDENTIFIER
- control field: NUST
005 - DATE AND TIME OF LATEST TRANSACTION
- control field: 20210628203604.0
008 - FIXED-LENGTH DATA ELEMENTS
- fixed length control field: 210628|| aca||aabn | a|a d
040 ## - CATALOGING SOURCE
- Original cataloging agency: NUST
- Transcribing agency: NUST
150 ## - HEADING--TOPICAL TERM
- Topical term or geographic name entry element: ELECTRIC ENGINEERIG-EXAMINATIONS QUESTIONS ELECTRICAINS-LICENESES-UNITED STATES
670 ## - SOURCE DATA FOUND
- Source citation: Work cat.: (NUST): Stallcup, James G 64896, Journeyman electrician's workbook , exam preparation-upgrading, 1989
